Statistics for EU Countries and German States by GDP

Click here to take the quiz!

General Stats

  • This quiz has been taken 82 times
  • The average score is 35 of 43

Answer Stats

GDPAnswer% Correct
2,288 bilFrance
100%
1,717bilItaly
100%
1,164 bilSpain
100%
2,324 bilUnited Kingdom
99%
478 bilSweden
95%
369 bilAustria
93%
731 bilNetherlands
93%
466 bilPoland
93%
188 bilRomania
93%
438 bilBelgium
92%
296 bilIreland
92%
193 bilPortugal
92%
50 bilBulgaria
91%
288 bilDenmark
91%
224 bilFinland
91%
594 bilBavaria
89%
49 bilCroatia
89%
192 bilCzechia
88%
23 bilEstonia
88%
118 bilHamburg
86%
85 bilSlovakia
86%
43 bilSlovenia
86%
178 bilGreece
85%
27 bilLatvia
85%
123 bilHungary
84%
137 bilBerlin
82%
11 bilMalta
77%
122 bilSaxony
76%
55 bilLuxembourg
74%
480 bilBaden-Württemberg
73%
34 bilBremen
72%
298 bilHesse
72%
42 bilLithuania
70%
284 bilLower Saxony
70%
19 bilCyprus
69%
692 bilNorth Rhine-Westphalia
65%
35 bilSaarland
65%
69 bilBrandenburg
64%
144 bilRhineland-Palatine
64%
61 bilSaxony-Anhalt
62%
62 bilThuringia
57%
43 bilMecklenburg-Vorpommern
55%
93 bilSchleswig-Holstein
55%

Score Distribution

Percentile by Number Answered

Percent of People with Each Score

Your Score History

You have not taken this quiz